000
00208nam a2200085Ia 4500
008
120527s9999 xx 000 0 und d
100
_a
Stoner, C. Edmund
245
_a
Magnetism and Atomic structure
942
_c
BK
999
_c
27750
_d
27750